Service operations management. (Record no. 206799)

MARC details
000 -LEADER
fixed length control field 00464nam a2200157Ia 4500
008 - FIXED-LENGTH DATA ELEMENTS--GENERAL INFORMATION
fixed length control field 210716s2006 xx 000 0 und d
020 ## - INTERNATIONAL STANDARD BOOK NUMBER
International Standard Book Number 9788131501603
041 ## - LANGUAGE CODE
Language code of text/sound track or separate title eng
082 ## - DEWEY DECIMAL CLASSIFICATION NUMBER
Classification number 658.562 METR
100 ## - MAIN ENTRY--PERSONAL NAME
Personal name Metters, Richard;King Metters, Kathryn;Pullman, Madeleine;Walton, Steve.
245 ## - TITLE STATEMENT
Title Service operations management.
250 ## - EDITION STATEMENT
Edition statement 1
260 ## - PUBLICATION, DISTRIBUTION, ETC.
Place of publication, distribution, etc. New Delhi
Name of publisher, distributor, etc. Cengage Learning
Date of publication, distribution, etc. 2006
300 ## - PHYSICAL DESCRIPTION
Extent 370
650 ## - SUBJECT ADDED ENTRY--TOPICAL TERM
Topical term or geographic name entry element Production & Operations Management
Holdings
Withdrawn status Lost status Damaged status Not for loan Collection code Home library Current library Date acquired Cost, normal purchase price Total Checkouts Full call number Barcode Date last seen Cost, replacement price Price effective from Koha item type
        MBA St Aloysius Institute of Management & Information Technology St Aloysius Institute of Management & Information Technology 10/11/2011 430.00   658.562 METR MBA09365 05/23/2026 322.50 07/16/2021 Book